Comparative perspectives on the development of memory

Αποθηκεύτηκε σε:
Λεπτομέρειες βιβλιογραφικής εγγραφής
Άλλοι συγγραφείς: Kail, Robert V. (Επιμελητής έκδοσης), Spear, Norman E. (Επιμελητής έκδοσης)
Μορφή: Βιβλίο
Γλώσσα:English
Δημοσίευση: Hillsdale, N.J. : L. Erlbaum Associates, 1984
Θέματα:
Ετικέτες: Προσθήκη ετικέτας
Δεν υπάρχουν, Καταχωρήστε ετικέτα πρώτοι!

MARC

LEADER 00000nam a2200000 i 4500
001 1/21400
008 980508s1984 eng d
020 |a 0-89859-317-4 
035 |l 10036290 
035 |a 1994  |b 3  |c Πολεμικός 
040 |a GR-MY-UA  |b gre  |e aacr 
041 0 |a eng 
082 0 |a 156.312  |2 (19) 
245 1 0 |a Comparative perspectives on the development of memory /  |c edited by Robert Kail, Norman E. Spear 
260 |a Hillsdale, N.J. :   |b L. Erlbaum Associates,   |c 1984 
300 |a x, 374 p.;  |b ill.;  |c 24 cm 
500 |a Based on a conference held at Purdue University, May 19-21, 1982 
504 |a Includes bibliographies and indexes 
650 0 0 |a Memory  |x Congresses. 
650 0 0 |a Memory in children  |x Congresses. 
650 0 0 |a Psychology, Comparative  |x Congresses. 
700 1 |a Kail, Robert V.  |4 edt 
700 1 |a Spear, Norman E.  |4 edt 
852 |a INST  |b RHODES  |e 19980508  |h 156.312 COM  |p 005400007594  |q 005400007594  |t BK  |y 0 
909 |a Ρ  |b 037222  |c 1994